| 000 -LEADER |
| fixed length control field |
01095nam a22002537a 4500 |
| 005 - DATE AND TIME OF LATEST TRANSACTION |
| control field |
20190820143119.0 |
| 008 - FIXED-LENGTH DATA ELEMENTS--GENERAL INFORMATION |
| fixed length control field |
190820b ||||| |||| 00| 0 eng d |
| 020 ## - INTERNATIONAL STANDARD BOOK NUMBER |
| International Standard Book Number |
9781554693696 |
| 040 ## - CATALOGING SOURCE |
| Transcribing agency |
KH8 |
| 082 ## - DEWEY DECIMAL CLASSIFICATION NUMBER |
| Classification number |
FIC GEE |
| 100 ## - MAIN ENTRY--PERSONAL NAME |
| Personal name |
Gee, Maurice |
| 245 ## - TITLE STATEMENT |
| Title |
Salt / |
| Statement of responsibility, etc. |
Maurice Gee. |
| 260 ## - PUBLICATION, DISTRIBUTION, ETC. |
| Place of publication, distribution, etc. |
Victoria, BC : |
| Name of publisher, distributor, etc. |
Orca Book Publishers, |
| Date of publication, distribution, etc. |
©2007. |
| 300 ## - PHYSICAL DESCRIPTION |
| Extent |
252 p. ; |
| Other physical details |
illustrations ; map : |
| Dimensions |
21 cm |
| 440 ## - SERIES STATEMENT/ADDED ENTRY--TITLE |
| Title |
Salt trilogy |
| Number of part/section of a work |
1 |
| 500 ## - GENERAL NOTE |
| General note |
This edition published by Orca Book Publishers in Canada and the United States in 2009 -- title page verso. |
| 505 ## - FORMATTED CONTENTS NOTE |
| Formatted contents note |
V. 1. Salt --<br/>v. 2. Gool --<br/>v. 3. The limping man. |
| 520 ## - SUMMARY, ETC. |
| Summary, etc. |
Hari, one of the enslaved people from Blood Burrow, and Pearl, a member of the ruling families known as Company, forge an unusual alliance and become reluctant traveling companions, as they undertake a desperate pilgrimage to save the world from a terror beyond their greatest imaginings. |
| 650 ## - SUBJECT ADDED ENTRY--TOPICAL TERM |
| Topical term or geographic name entry element |
Fantasy fiction. |
| 650 ## - SUBJECT ADDED ENTRY--TOPICAL TERM |
| Topical term or geographic name entry element |
Shipwreck survival |
| Form subdivision |
Fiction. |
| 650 ## - SUBJECT ADDED ENTRY--TOPICAL TERM |
| Topical term or geographic name entry element |
Slavery |
| Form subdivision |
Fiction. |
| 650 ## - SUBJECT ADDED ENTRY--TOPICAL TERM |
| Topical term or geographic name entry element |
Courage |
| Form subdivision |
Fiction. |
| 942 ## - ADDED ENTRY ELEMENTS (KOHA) |
| Source of classification or shelving scheme |
|
| Koha item type |
Books - Fiction |